De la quadruple Racine du principe de raison suffisante: dissertation philosophique

שמור ב:
מידע ביבליוגרפי
מחבר ראשי: Schopenhauer, Arthur (Author)
פורמט: ספר
שפה:צרפתית
יצא לאור: París J. Vrin 1946
סדרה:Bibliothèque des Textes Philosophiques
נושאים:
תגים: הוספת תג
אין תגיות, היה/י הראשונ/ה לתייג את הרשומה!

MARC

LEADER 00000nam a2200000 a 4500
001 UCZ3267
003 CL-VaPUC
008 951020e19460000FR |||||||||||||||||fre|d
082 0 4 |a 149  |b SCH  |2 21 
100 0 |a Schopenhauer, Arthur  |e author  |9 265694 
245 1 0 |a De la quadruple Racine du principe de raison suffisante: dissertation philosophique 
300 |a 164 p 
942 |c BK 
945 |d 19951020 00:00:00  |a cmena 
260 |a París  |b J. Vrin  |c 1946 
650 0 |a Filosofía alemana   |9 265002 
650 0 |a Razón   |9 314475 
650 0 |a Existencialismo  |9 265698 
650 0 |a Naturaleza humana   |9 308593 
583 |a last modification  |c 20151117 18:49:35  |k Rodrigo Vera 
490 0 |a Bibliothèque des Textes Philosophiques 
999 |c 239757  |d 239755 
952 |0 0  |1 0  |4 0  |6 149_000000000000000_SCH_1946  |7 0  |8 P  |9 251137  |a BIBEDU  |b BIBEDU  |c BIBEDU_PB  |d 2019-11-18  |i 158491K  |o 149 SCH 1946  |p 158491K  |r 2024-01-25  |w 2019-11-18  |y BK  |k FIL